000 00515nam a2200169 a 4500
001 4706
003 CO-ViMGA
008 141112s2004 ck r 000 u spa d
040 _aCO-ViMGA
_bspa
_cCO-ViMGA
082 0 4 _a928.6 G845
245 1 0 _aGuillen jorge :
_bpremio de literatura en lengua castellana "miguel de cervantes" 1976
260 _aBarcelona :
_bAnthropos,
_c1987
300 _a124 p
490 _aAmbitos literarios premios cervantes, 1
650 1 4 _aGUILLEN, JORGE 1893 - 1984
_92832
942 _2ddc
_cBK
999 _c16716
_d16716